Guess The Man City Players 2023 - Statistics

General Stats
  • This quiz has been taken 116 times
  • The average score is 13 of 16
Answer Stats
Picture Answer % Correct
Erling Haaland
100%
Phil Foden
97%
Jack Grealish
93%
Kevin De Bruyne
93%
Bernardo Silva
92%
Kyle Walker
89%
Rodri
86%
Nathan Ake
83%
Ederson
82%
Jeremy Doku
82%
John Stones
80%
Ruben Dias
80%
Manuel Akanji
74%
Mateo Kovacic
69%
Josko Gvardiol
65%
Matheus Nunes
58%
No matching quizzes found
Score Distribution
Percent of People with Each Score
Percentile by Number Answered
Your Score History
You have not taken this quiz